Central Library OPAC University of Rajshahi

Georg Simmel / (Record no. 33668)

MARC details
000 -LEADER
fixed length control field 00872nam a2200301 a 4500
001 - CONTROL NUMBER
control field 33668
003 - CONTROL NUMBER IDENTIFIER
rucl marc code BD-RjUL
005 - DATE AND TIME OF LATEST TRANSACTION
control field 20211209052036.0
008 - FIXED-LENGTH DATA ELEMENTS--GENERAL INFORMATION
fixed length control field 140510s2002 enk 001 0 eng d
020 ## - INTERNATIONAL STANDARD BOOK NUMBER
International Standard Book Number 0415285348
International Standard Book Number 0415285356 (pbk.)
035 ## - SYSTEM CONTROL NUMBER
System control number BNB2691.925
-- (BD-RjUL)33759
040 ## - CATALOGING SOURCE
Original cataloging agency BDS
Language of cataloging eng
Transcribing agency BD-RjUL
041 ## - LANGUAGE CODE
Language code of text/sound track or separate title eng
082 0# - DEWEY DECIMAL CLASSIFICATION NUMBER
Classification number 301.01
Edition number 21
Author mark and year FRG 2002
100 1# - MAIN ENTRY--PERSONAL NAME
Personal name Frisby, David.
9 (RLIN) 102222
245 10 - TITLE STATEMENT
Title Georg Simmel /
Statement of responsibility, etc. David Frisby.
250 ## - EDITION STATEMENT
Edition statement Rev. ed
260 ## - PUBLICATION, DISTRIBUTION, ETC. (IMPRINT)
Place of publication, distribution, etc. London :
Name of publisher, distributor, etc. Routledge,
Date of publication, distribution, etc. c2002.
300 ## - PHYSICAL DESCRIPTION
Pagination xxxix, 161 p. ;
Size 21 cm.
490 1# - SERIES STATEMENT
Series statement Key sociologists
500 ## - GENERAL NOTE
General note Previous ed.: Chichester: Ellis Horwood, 1984
504 ## - BIBLIOGRAPHY, ETC. NOTE
Bibliography, etc Includes index.
600 10 - SUBJECT ADDED ENTRY--PERSONAL NAME
Personal name Simmel, Georg,
Dates associated with a name 1858-1918
650 ## - SUBJECT ADDED ENTRY--TOPICAL TERM
Topical term or geographic name as entry element Sociology
General subdivision Philosophy
9 (RLIN) 173918
830 #0 - SERIES ADDED ENTRY--UNIFORM TITLE
Uniform title Key sociologists (Routledge (Firm))
942 ## - ADDED ENTRY ELEMENTS (KOHA)
Source of classification or shelving scheme Dewey Decimal Classification
Koha item type Books
Holdings
Lost status Source of classification or shelving scheme Damaged status Not for loan Collection code Permanent Location Current Location Shelving location Date acquired Source of acquisition Cost, normal purchase price Total Checkouts Full call number Date last seen Copy number Koha item type
  Dewey Decimal Classification     Non-fiction Central Library, University of Rajshahi Central Library, University of Rajshahi   23/06/2009 Ahashania mission book. 3994.36   301.01 FRG 2002 10/05/2014 C-2 Books
  Dewey Decimal Classification   Not For Loan Non-fiction Central Library, University of Rajshahi Central Library, University of Rajshahi Reading Room 23/06/2009 Dhaka, Ahsonia mission Book House, 3994.36   301.01 FRG 2002 10/12/2016 C-1 Books